书目信息 |
| 题名: |
近代中日关系源流
|
|
| 作者: | 李廷江 编著 | |
| 分册: | ||
| 出版信息: | 北京 社会科学文献出版社 2011.12 |
|
| 页数: | 515页 | |
| 开本: | 22cm | |
| 丛书名: | 清华东方文库 | |
| 单 册: | ||
| 中图分类: | D829.313 | |
| 科图分类: | ||
| 主题词: | 中日关系--史料 , 中日关系 | |
| 电子资源: | ||
| ISBN: | 978-7-5097-2410-1 | |
| 000 | 00920oam2 2200277 450 | |
| 001 | 010700121301 | |
| 005 | 20120618153504.14 | |
| 010 | @a978-7-5097-2410-1@b精装@dCNY69.00 | |
| 100 | @a20120202d2011 em y0chiy50 ea | |
| 101 | 0 | @achi |
| 102 | @aCN@b110000 | |
| 105 | @ay z 000yy | |
| 106 | @ar | |
| 200 | 1 | @a近代中日关系源流@9jin dai zhong ri guan xi yuan liu@e晚清中国名人致近卫笃麿书简@f李廷江编著 |
| 210 | @a北京@c社会科学文献出版社@d2011.12 | |
| 215 | @a515页@d22cm | |
| 225 | 2 | @a清华东方文库 |
| 330 | @a本书主要内容包括:解题、原件目录、原件影印、释文、后记等几部分。 | |
| 461 | 0 | @12001 @a清华东方文库 |
| 517 | 1 | @a晚清中国名人致近卫笃麿书简@9wan qing zhong guo ming ren zhi jin wei du mo shu jian |
| 606 | 0 | @a中日关系@x史料 |
| 606 | 0 | @a中日关系 |
| 690 | @aD829.313@v4 | |
| 701 | 0 | @a李廷江@9li ting jiang@4编著 |
| 801 | 0 | @aCN@bRENTIAN@c20120202 |
| 905 | @b540249-53@dD829.313@e126@f5 | |
| 近代中日关系源流:晚清中国名人致近卫笃麿书简/李廷江编著.-北京:社会科学文献出版社,2011.12 |
| 515页;22cm.-(清华东方文库) |
| ISBN 978-7-5097-2410-1(精装):CNY69.00 |
| 本书主要内容包括:解题、原件目录、原件影印、释文、后记等几部分。 |
| ● |
| 相关链接 |
|
|
|
|
正题名:近代中日关系源流
索取号:D829.313/126
 
预约/预借
| 序号 | 登录号 | 条形码 | 馆藏地/架位号 | 状态 | 备注 |
| 1 | 540249 | 205402492 | 第一样本阅览室/ [索取号:D829.313/126] | 在馆 | |
| 2 | 540250 | 205402508 | 第一借阅区/ [索取号:D829.313/126] | 在馆 | |
| 3 | 540251 | 205402517 | 第一借阅区/ [索取号:D829.313/126] | 在馆 | |
| 4 | 540252 | 205402526 | 第一借阅区/ [索取号:D829.313/126] | 在馆 | |
| 5 | 540253 | 205402535 | 第一借阅区/ [索取号:D829.313/126] | 在馆 |